| 000 | 00658nam a2200253 a 4500 | ||
|---|---|---|---|
| 003 | AR-BaBNM | ||
| 005 | 20251128210549.0 | ||
| 008 | 082120s2002 ||||||||||||||000 | spa|| | ||
| 020 | _a0-201-35123-4 | ||
| 040 | _cAR-BaBNM | ||
| 100 | 1 | _aHerrera, Mario | |
| 245 | 0 | 0 |
_aBalloons _bworkbook _n2 |
| 260 |
_aNew York _bAddison Wesley Longman _c1998 |
||
| 300 |
_a73 p. _bil., tablas |
||
| 650 | 4 | _aENSEĆANZA DE IDIOMAS | |
| 650 | 4 | _aINGLES | |
| 650 | 4 | _aACTIVIDADES DE APRENDIZAJE | |
| 650 | 4 | _aLIBROS DE TEXTO | |
| 653 | _aEDUCACION GENERAL BASICA | ||
| 653 | _aUNIDADES DIDACTICAS | ||
| 700 | 1 | _aHojel, Barbara | |
| 942 | _cBK | ||
| 998 | _cRAQUEL | ||
| 999 |
_c15961 _d15961 |
||